Loại bỏ lân trong nước thải bằng vật liệu tự chế
Đề tài được thực hiện với quy mô phòng thí nghiệm nhằm tìm vật liệu xử lý các chất ô nhiễm trong rác thải nhất là các yếu tố dinh dưỡng tránh hiện tượng phú dưỡng nguồn nước. Qua đó, đề xuất các biện pháp thực hiện hiệu quả...
Kaydedildi:
| Yazar: | |
|---|---|
| Materyal Türü: | Kitap |
| Dil: | Undetermined |
| Baskı/Yayın Bilgisi: |
Cần Thơ
Trường Đại học Cần Thơ
2007
|
| Konular: | |
| Etiketler: |
Etiketle
Etiket eklenmemiş, İlk siz ekleyin!
|
| Thư viện lưu trữ: | Trung tâm Học liệu Trường Đại học Cần Thơ |
|---|
| LEADER | 01115nam a2200193Ia 4500 | ||
|---|---|---|---|
| 001 | CTU_142573 | ||
| 008 | 210402s9999 xx 000 0 und d | ||
| 082 | |a 628.4 | ||
| 082 | |b X527 | ||
| 100 | |a Nguyễn, Hồng Xuyến | ||
| 245 | 0 | |a Loại bỏ lân trong nước thải bằng vật liệu tự chế | |
| 245 | 0 | |c Nguyễn Hồng Xuyến; Nguyễn Hữu Chiếm, Lê Anh Kha giáo viên hướng dẫn | |
| 260 | |a Cần Thơ | ||
| 260 | |b Trường Đại học Cần Thơ | ||
| 260 | |c 2007 | ||
| 520 | |a Đề tài được thực hiện với quy mô phòng thí nghiệm nhằm tìm vật liệu xử lý các chất ô nhiễm trong rác thải nhất là các yếu tố dinh dưỡng tránh hiện tượng phú dưỡng nguồn nước. Qua đó, đề xuất các biện pháp thực hiện hiệu quả hơn. | ||
| 650 | |a Environmental sciences,Liquid wastes,Khoa học môi trường | ||
| 904 | |i Năm | ||
| 980 | |a Trung tâm Học liệu Trường Đại học Cần Thơ | ||